LEADER 00957nam a2200289 a 4500 001 991001571729707536 008 020 $a8870637190 035 $ab13393182-39ule_inst 040 $aDip.to Studi Storici$bita 082 0 $a914.950476 245 10$aIsole della Grecia /$cDavid Willet ... [et.al.] 250 $a6. ed. 260 $aTorino :$bEDT,$c2004 300 $aXII, 544 p. :$bill. ;$c20 cm. 440 0$aLonely planet 440 0$aGuide EDT 500 $aIn testa al front.: Lonely planet 651 4$aIsole greche$xGuide 700 1 $aBain, Carolyn 700 1 $aClarl, Michael 907 $a.b13393182$b30-04-10$c06-04-06 912 $a991001571729707536 945 $aLE009 Lab. Geogr. Edt 2 $g1$i2023000083727$lle009$o-$pE23.50$q-$rl$s- $t0$u0$v0$w0$x0$y.i14218793$z06-04-06 996 $aIsole della Grecia$91090852 997 $aUNISALENTO 998 $ale009$b30-04-06$cm$da $e-$fita$git $h0$i0 LEADER 02574oam 2200613 450 001 9910716731603321 005 20211130142010.0 035 $a(CKB)5470000002524862 035 $a(OCoLC)1265091735 035 $a(EXLCZ)995470000002524862 100 $a20210826d2012 ua 0 101 0 $aeng 135 $aur||||||||||| 181 $ctxt$2rdacontent 182 $cc$2rdamedia 183 $acr$2rdacarrier 200 10$aAquatox (release 3.1) $emodeling environmental fate and ecological effects in aquatic ecosystems /$fJonathan S. Clough 210 1$aWashington, DC :$cU.S. Environmental Protection Agency, Office of Water, Office of Science and Technology,$d2012. 215 $a1 online resource (2 volumes) $ccolor illustrations 300 $a"Richard A. Park"--V.2. 300 $a"August 2012." 300 $a"EPA-820-R-12-016"--V.1, cover. 300 $a"EPA-820-R-12-015"--V.2, cover. 300 $a"Work was performed under EPA contract number 68-C-01-0037 with AQUA TERRA Consultants and EPA contract number EP-C-12-006 with Horsley Witten Group"--V.1, Acknowledgements. 320 $aIncludes bibliographical references. 327 $av.1. User's manuals -- v.2. Technical documentation. 517 $aAquatox 606 $aAquatic ecology$zUnited States$xComputer simulation$vHandbooks, manuals, etc 606 $aWater$xPollution$zUnited States$xComputer simulation$vHandbooks, manuals, etc 606 $aWater quality management$zUnited States$xComputer simulation$vHandbooks, manuals, etc 606 $aAquatic ecology$xComputer simulation$2fast 606 $aWater$xPollution$xComputer simulation$2fast 606 $aWater quality management$xComputer simulation$2fast 607 $aUnited States$2fast 608 $aHandbooks and manuals.$2fast 608 $aHandbooks and manuals.$2lcgft 615 0$aAquatic ecology$xComputer simulation 615 0$aWater$xPollution$xComputer simulation 615 0$aWater quality management$xComputer simulation 615 7$aAquatic ecology$xComputer simulation. 615 7$aWater$xPollution$xComputer simulation. 615 7$aWater quality management$xComputer simulation. 700 $aClough$b Jonathan S.$01405962 702 $aPark$b R. A. 712 02$aUnited States.$bEnvironmental Protection Agency.$bOffice of Science and Technology, 801 0$bGPO 801 1$bGPO 801 2$bOCLCO 801 2$bOCLCF 801 2$bGPO 906 $aBOOK 912 $a9910716731603321 996 $aAquatox (release 3.1)$93483583 997 $aUNINA